LEADER 01810nas 2200565-a 450 001 996336264003316 005 20230227213019.0 035 $a(DE-599)ZDB2520720-9 035 $a(OCoLC)361709088 035 $a(CKB)1000000000768678 035 $a(CONSER)--2010256089 035 $a(EXLCZ)991000000000768678 100 $a20090522a20089999 --- - 101 0 $aeng 135 $aur||||||||||| 181 $ctxt$2rdacontent 182 $cc$2rdamedia 183 $acr$2rdacarrier 200 00$aJournal of receptor, ligand and channel research 210 $a[Auckland, N.Z.] $cDove Medical Press 300 $aRefereed/Peer-reviewed 311 $a1178-699X 531 $aJ RECEPTOR LIGAND CHANNEL RES 531 10$aJ Receptor Ligand Channel Res 531 1 $aJ. receptor ligand channel res. 606 $aCell receptors$vPeriodicals 606 $aLigands (Biochemistry)$vPeriodicals 606 $aCellular signal transduction$vPeriodicals 606 $aReceptors, Cell Surface 606 $aLigands 606 $aSignal Transduction 606 $aCell receptors$2fast$3(OCoLC)fst00850227 606 $aCellular signal transduction$2fast$3(OCoLC)fst00850288 606 $aLigands (Biochemistry)$2fast$3(OCoLC)fst00998471 608 $aPeriodicals.$2fast 610 $aBiophysics 615 0$aCell receptors 615 0$aLigands (Biochemistry) 615 0$aCellular signal transduction 615 12$aReceptors, Cell Surface. 615 22$aLigands. 615 22$aSignal Transduction. 615 7$aCell receptors. 615 7$aCellular signal transduction. 615 7$aLigands (Biochemistry) 676 $a572.69605 906 $aJOURNAL 912 $a996336264003316 996 $aJournal of receptor, ligand and channel research$92237866 997 $aUNISA